Multiple Choice City Quiz - Indianapolis - Statistics

General Stats
  • This quiz has been taken 33 times
  • The average score is 6 of 10
Answer Stats
Question Answer % Correct
Which major Indianapolis suburb is noted for its New Urbanism and a high number of roundabouts? Carmel
92%
Which of these is a nickname of Indianapolis? Crossroads of America
79%
Which of these is NOT a tradition associated with the Indianapolis 500? Slamming the victor's face with an Indiana sugar cream pie
67%
Indianapolis is noted for all but which of the following landmarks? Farmers markets
58%
Which of these vice presidents is NOT from Indianapolis? Spiro Agnew
58%
"Unigov" is a colloquial name for the municipal government. What does Unigov refer to? The consolidated city-county administration with Marion County
58%
Butler University is famous for which of the following? One of the oldest and largest basketball stadiums still in use
54%
Indianapolis was founded as a... Planned capital city for a fledgling Indiana
46%
Robert F. Kennedy is often credited with preventing riots stemming from what? Assassination of Martin Luther King Jr.
21%
Which of the following is NOT associated with the USS Indianapolis, a ship which served in World War II? Sinking the battleship Yamato, the most powerful in the Japanese fleet
21%
No matching quizzes found
Score Distribution
Percent of People with Each Score
Percentile by Number Answered
Your Score History
You have not taken this quiz